Top 10 most spoken languages in Asia - Statistics

General Stats
  • This quiz has been taken 97 times
  • The average score is 7 of 10
Answer Stats
Answer % Correct
Mandarin
99%
Hindi
94%
Japanese
92%
Arabic
83%
Russian
77%
Bengali
72%
Persian
63%
Indonesian
62%
Punjabi
48%
Marathi
35%
No matching quizzes found
Score Distribution
Percent of People with Each Score
Percentile by Number Answered
Your Score History
You have not taken this quiz